BIBLIOTHÈQUE DE LA MAISON DU MEXIQUE

Logo 1 Logo 2

Iconografía de David Alfaro Siqueiros (notice nᵒ 4691)

détails MARC
000 -Sello discográfico
campo de control de longitud fija 01375nam a2200421 4500
005 - Identificación de versión
campo de control 20251016083854.0
010 ## - Número Estándar Internacional de Libros (ISBN)
Número (ISBN) 968-16-5117-0
035 ## - Otros números de control del sistema
Número de control del sistema 25253
035 ## - Otros números de control del sistema
Número de control del sistema 3534
099 ## - fechas locales
Tipo de ítem Koha LIBRO
100 ## - Datos de procesamiento general
Datos de procesamiento general 19990105d1997 m y1spay5003 ba
105 ## - Campo de datos codificados: Material textual, monográfico
Datos codificados de monografía a 001zb
200 1# - Título y mención de responsabilidad
Título propio Iconografía de David Alfaro Siqueiros
Designación general del material texto impreso
Primer mención de responsabilidad Prefacio Guadalupe Tolosa Sánchez
205 ## - Declaración de edición
Declaración de edición 1a ed
210 ## - Publicación, distribución, etc.
Lugar de publicación, distribución, etc. México
Nombre del editor, distribuidor, etc. Instituto Nacional de Bellas Artes : Centro Nacional de Investigación, Documentación e Información de Artes Plásticas : Fondo de Cultura Económica
Fecha de publicación, distribución, etc. 1997
215 ## - Descripción física
Designación de material específico y extensión del ítem 166 p
Otras características físicas principalmente fot.
Dimensiones 27 cm
318 ## - Nota de acción
Acción No se presta a domicilio
320 ## - Nota de índices/bibliografías internas
Texto de la nota Incluye cronología biográfica y fe de erratas
345 ## - Nota de información de adquisición
Fuente de adquisición/dirección de la suscripción [OBSOLETO] Donación del INBA
410 #1 - Series
Título Colección Tezontle
600 ## - Nombre personal usado como materia
Elemento de entrada Alfaro Siqueiros
Parte del nombre distinta del elemento de entrada David
Fechas 1896-1974
Número Koha 1206
606 ## - Término temático usado como materia
Elemento de entrada Pintores mexicanos
Número Koha 1246
660 ## - Código de área geográfica
Código MX
702 ## - Nombre personal - Responsabilidad secundaria
Elemento de entrada Tolosa Sánchez
Parte del nombre distinta del elemento de entrada Guadalupe
Número Koha 9043
801 #0 - Fuente de origen
País FR
Agencia cm
Reglas de catalogación (convenciones descriptivas) AFNOR
900 ## -
-- 1/19903
900 ## -
-- 710999718\\050199
942 ## - ELEMENTOS DE ENTRADA SECUNDARIOS (KOHA)
Tipo de ítem Koha Livre
996 ## -
-- MEX
-- 751145101
-- MMAG
-- 002506
-- 927 S618
-- 20120314LIV
996 ## -
-- MEX
-- 751145101
-- MMAG
-- 002507
-- R927 S618
-- 20120314LIV
Exemplaires
Estatus retirado Estado de daño Estado de pérdida Fecha de adquisición Biblioteca de origen Biblioteca actual Ubicación en estantería Código de barras Precio de reemplazo Signatura topográfica completa No para préstamo Tipo de ítem Koha Nota pública Nota no pública
      05/08/2025 Casa México Paris Casa México Paris   002506 05/08/2025 927 S618 No se presta a domicilio Livre 20120314LIV 751145101